<?xml version="1.0" encoding="UTF-8"?>
<record
    xmlns:xsi="http://www.w3.org/2001/XMLSchema-instance"
    xsi:schemaLocation="http://www.loc.gov/MARC21/slim http://www.loc.gov/standards/marcxml/schema/MARC21slim.xsd"
    xmlns="http://www.loc.gov/MARC21/slim">

  <leader>03284nam a2200385 a 4500</leader>
  <controlfield tag="001">ebr10545737</controlfield>
  <controlfield tag="003">CaPaEBR</controlfield>
  <controlfield tag="006">m        u        </controlfield>
  <controlfield tag="007">cr cn|||||||||</controlfield>
  <controlfield tag="008">101025s2011    vau     sb    001 0 eng d</controlfield>
  <datafield tag="010" ind1=" " ind2=" ">
    <subfield code="z">  2010045288</subfield>
  </datafield>
  <datafield tag="020" ind1=" " ind2=" ">
    <subfield code="z">9781579223731 (cloth : alk. paper)</subfield>
  </datafield>
  <datafield tag="020" ind1=" " ind2=" ">
    <subfield code="z">9781579223748 (pbk. : alk. paper)</subfield>
  </datafield>
  <datafield tag="020" ind1=" " ind2=" ">
    <subfield code="z">9781579226176 (e-book)</subfield>
  </datafield>
  <datafield tag="040" ind1=" " ind2=" ">
    <subfield code="a">CaPaEBR</subfield>
    <subfield code="c">CaPaEBR</subfield>
  </datafield>
  <datafield tag="035" ind1=" " ind2=" ">
    <subfield code="a">(OCoLC)779851038</subfield>
  </datafield>
  <datafield tag="043" ind1=" " ind2=" ">
    <subfield code="a">n-us---</subfield>
  </datafield>
  <datafield tag="050" ind1="1" ind2="4">
    <subfield code="a">LB2342.92</subfield>
    <subfield code="b">.M85 2011eb</subfield>
  </datafield>
  <datafield tag="082" ind1="0" ind2="4">
    <subfield code="a">378.1/97089</subfield>
    <subfield code="2">22</subfield>
  </datafield>
  <datafield tag="245" ind1="0" ind2="0">
    <subfield code="a">Multicultural student services on campus</subfield>
    <subfield code="h">[electronic resource] :</subfield>
    <subfield code="b">building bridges, re-visioning community /</subfield>
    <subfield code="c">edited by Dafina Lazarus Stewart.</subfield>
  </datafield>
  <datafield tag="250" ind1=" " ind2=" ">
    <subfield code="a">1st ed.</subfield>
  </datafield>
  <datafield tag="260" ind1=" " ind2=" ">
    <subfield code="a">Sterling, Va. :</subfield>
    <subfield code="b">Stylus Pub.,</subfield>
    <subfield code="c">2011.</subfield>
  </datafield>
  <datafield tag="300" ind1=" " ind2=" ">
    <subfield code="a">xi, 323 p.</subfield>
  </datafield>
  <datafield tag="490" ind1="1" ind2=" ">
    <subfield code="a">ACPA publication</subfield>
  </datafield>
  <datafield tag="504" ind1=" " ind2=" ">
    <subfield code="a">Includes bibliographical references and index.</subfield>
  </datafield>
  <datafield tag="505" ind1="0" ind2=" ">
    <subfield code="a">Remembering our past to shape our future / V. Leilani Kupo -- Historical &amp; philosophical development of multicultural student services / Bettina C. Shuford -- A demographic profile of multicultural student services / Dafina Lazarus Stewart &amp; Brian K. Bridges -- Engaging race in multicultural student services / Lori Patton, Jessica Ranero &amp; Kimberly Everett -- Engaging sexual orientation &amp; gender diversity in multicultural student services / Nicholas Negrete &amp; Christopher Purcell -- Engaging religious &amp; faith diversity in multicultural student services / Jenny L. Small -- Bridging integrated identities to integrated services / Mary Grace Almandrez &amp; Felicia J. Lee -- Multicultural student services at private, liberal arts colleges / Kimberly M. Ferguson &amp; Timeka L. Thomas-Rashid -- Multicultural student services at public institutions / Dorian McCoy -- Multicultural student services at community colleges / Eboni Zamani-Gallaher &amp; Stanley Bazile -- Multicultural student services at minority-serving institutions: historically black institutions / Kevin D. Rome -- Multicultural student services at minority-serving institutions: tribal colleges / Les D. Riding &amp; Robert Longwell-Grice -- Negotiating purpose &amp; context / Becky Petitt &amp; David McIntosh -- Developing collaborations within student affairs / Walter M. Kimbrough &amp; Caretta Cooke -- Developing collaborations with academic affairs / Corinne Maekawa Kodama &amp; Kisa Takesue -- Working with the majority / Jamie Washington -- Preparing diversity change leaders / C. Carney Strange &amp; Dafina Lazarus Stewart -- Multicultural competency &amp; social justice advocacy / Robert Reason &amp; Kenjus T. Watson -- Re-visioning the future of multicultural student services / Kathleen Manning &amp; Frank Michael Mu&#xFFFD;noz.</subfield>
  </datafield>
  <datafield tag="533" ind1=" " ind2=" ">
    <subfield code="a">Electronic reproduction.</subfield>
    <subfield code="b">Palo Alto, Calif. :</subfield>
    <subfield code="c">ebrary,</subfield>
    <subfield code="d">2011.</subfield>
    <subfield code="n">Available via World Wide Web.</subfield>
    <subfield code="n">Access may be limited to ebrary affiliated libraries.</subfield>
  </datafield>
  <datafield tag="650" ind1=" " ind2="0">
    <subfield code="a">Minority college students</subfield>
    <subfield code="x">Services for</subfield>
    <subfield code="z">United States.</subfield>
  </datafield>
  <datafield tag="650" ind1=" " ind2="0">
    <subfield code="a">Minorities</subfield>
    <subfield code="x">Education (Higher)</subfield>
    <subfield code="z">United States.</subfield>
  </datafield>
  <datafield tag="655" ind1=" " ind2="7">
    <subfield code="a">Electronic books.</subfield>
    <subfield code="2">local</subfield>
  </datafield>
  <datafield tag="700" ind1="1" ind2=" ">
    <subfield code="a">Stewart, Dafina Lazarus,</subfield>
    <subfield code="d">1973-</subfield>
  </datafield>
  <datafield tag="710" ind1="2" ind2=" ">
    <subfield code="a">ebrary, Inc.</subfield>
  </datafield>
  <datafield tag="830" ind1=" " ind2="0">
    <subfield code="a">ACPA media publication.</subfield>
  </datafield>
  <datafield tag="856" ind1="4" ind2="0">
    <subfield code="u">http://site.ebrary.com/lib/rucke/Doc?id=10545737</subfield>
    <subfield code="z">An electronic book accessible through the World Wide Web; click to view</subfield>
  </datafield>
  <datafield tag="999" ind1=" " ind2=" ">
    <subfield code="c">248109</subfield>
    <subfield code="d">248109</subfield>
  </datafield>
</record>
